000 00601cam a2200169 i 4500
005 20260308125256.0
008 250721s1973 ko gr 000 0 eng d
082 1 4 _a895
_bA S I
110 2 _aInternational P. E. N. ASIAN WRITERS’ TRANSLATION BUREAU.
_eEDITOR.
245 1 0 _aASIAN LITERATURE :
_bSHORT STORIES AND PLAYS /
_cInternational P. E. N. ASIAN WRITERS’ TRANSLATION BUREAU.
250 _aFirst Edition.
264 3 1 _bTHE ASIAN WRITERS TRANSLATION BUREAU,
_c1973.
_aSeoul, korea :
300 _a311P.
650 1 7 _aASIAN LITERATURE.
942 _2ddc
_cBK
999 _c146089
_d146089